000 00716nam a2200253Ia 4500
003 OSt
005 20220925231239.0
006 a|||||r|||| 00| 0
007 ta
008 220923b |||||||| |||| 00| 0 eng d
020 _a8186041036
037 _cGeneral Book
040 _aRTL
_cRTL
_beng
041 _2eng
_aeng
082 _aY:49(Q).252RKE.N9, N3
100 _aBajaj Jitendra Ed.
_9295073
245 0 _aAyodhya and the future India
260 _aMadras
_bC P S
_c1993
300 _axi, 261p
_ccm.
490 _aCentre for Policy Studies Publication
650 _aCommunalism
942 _hY:49(Q).252RKE.N9, N3
_cGB
_2CC
999 _c587858
_d587858